000 00430nam a2200157Ia 4500
008 230524s9999 xx 000 0 und d
082 _a519
_bTRI
100 _aKishor S.Trivedi
245 0 _a"Probability,Statistics with Realiability,Queuing & Computer Science Applications"
250 _a1ST
260 _aNEW DELHI
_bTMH
_c2001
300 _aVIII;617
500 _aQuantity Number: 2
650 _aMathematics
942 _cBK
999 _c31149
_d31149